| 000 | 00410pab a2200157 454500 | ||
|---|---|---|---|
| 008 | 180718b1997 xxu||||| |||| 00| 0 eng d | ||
| 100 | _aShukla, Suresh Chandra | ||
| 245 | _aNationalist educational thought: continuity and change | ||
| 260 | _c1997 | ||
| 300 | _ap.1825-831 | ||
| 362 | _a19 Jul | ||
| 650 | _aNationalism | ||
| 650 | _aEducation | ||
| 773 | _aEconomic and Political Weekly | ||
| 909 | _a34824 | ||
| 999 |
_c34824 _d34824 |
||